000 00558cam a2200217 4500
001 B2525
008 090401t1989 xxu||||| |||| 00| 0 eng d
035 _a(Sirsi) u50553
041 _aeng
050 _a333.337
110 _aDebenham Tewson and Chinnocks
_93135
245 _aShops beyond the boom
260 _aLondon
_bDebenham Tewson and Chinnocks
_c1989
300 _a20p. ; 30cm.
350 _a15
520 _aSupersedes the annual publication Shop Rent and Rates.
650 _aRATES
650 _aRENT
942 _n0
948 _c04/03/1997
999 _c92720
_d92720